[Event "44º Torneo Internacional de Ajedrez de La Roda"]
[Site "La Roda (Albacete) - ESPAÑA"]
[Date "2017.04.12"]
[Round "1"]
[Board "1"]
[White "Gharamian, Tigran"]
[Black "Garrido Outon, Alex"]
[Result "1-0"]
[WhiteElo "2625"]
[BlackElo "2020"]
[PlyCount "75"]
[EventDate "2017.04.12"]
[EventRounds "9"]
[EventCountry "ESP"]

1. e4 e5 2. Nf3 Nc6 3. Bb5 a6 4. Bxc6 dxc6 5. O-O Ne7 6. d4 Bg4 7. dxe5 Qxd1 8.
Rxd1 Ng6 9. h3 Bxf3 10. gxf3 Nxe5 11. f4 Nf3+ 12. Kg2 Nh4+ 13. Kg3 Ng6 14. f5
Bd6+ 15. Rxd6 cxd6 16. fxg6 hxg6 17. Bf4 O-O-O 18. Nd2 Rh5 19. Nc4 g5 20. Nxd6+
Kc7 21. Nxf7+ gxf4+ 22. Kg4 Rc5 23. Nxd8 Kxd8 24. c3 g5 25. h4 gxh4 26. Kxh4
Re5 27. Re1 Re7 28. Kg4 Rf7 29. Rh1 Ke7 30. Rh6 a5 31. a4 Kd7 32. Kf3 b6 33. e5
Rf8 34. Rd6+ Kc7 35. Rf6 Rxf6 36. exf6 Kd6 37. Kxf4 Ke6 38. Ke4 1-0

[Event "44º Torneo Internacional de Ajedrez de La Roda"]
[Site "La Roda (Albacete) - ESPAÑA"]
[Date "2017.04.12"]
[Round "1"]
[Board "2"]
[White "Blesa Fernandez, Francisco"]
[Black "Andriasian, Zaven"]
[Result "0-1"]
[WhiteElo "2020"]
[BlackElo "2615"]
[PlyCount "52"]
[EventDate "2017.04.12"]
[EventRounds "9"]
[EventCountry "ESP"]

1. d4 Nf6 2. c4 c5 3. d5 b5 4. cxb5 a6 5. bxa6 g6 6. Nc3 Bg7 7. e4 O-O 8. Nf3
Qa5 9. Bd2 Bxa6 10. Bxa6 Qxa6 11. Qe2 e6 12. dxe6 fxe6 13. Qxa6 Nxa6 14. O-O d5
15. exd5 exd5 16. Bg5 Nb4 17. Rfd1 c4 18. Rab1 Ra5 19. Nd4 Re8 20. b3 Nxa2 21.
Nxa2 Rxa2 22. bxc4 Ne4 23. Be3 Nc3 24. cxd5 Nxd1 25. Rxd1 Bxd4 26. Bxd4 Rd2 0-1

[Event "44º Torneo Internacional de Ajedrez de La Roda"]
[Site "La Roda (Albacete) - ESPAÑA"]
[Date "2017.04.12"]
[Round "1"]
[Board "3"]
[White "Baklan, Vladimir"]
[Black "Pelaez Murias, Eduardo"]
[Result "1-0"]
[WhiteElo "2600"]
[BlackElo "2020"]
[PlyCount "71"]
[EventDate "2017.04.12"]
[EventRounds "9"]
[EventCountry "ESP"]

1. e4 e6 2. d4 d5 3. Nd2 Be7 4. e5 c5 5. c3 Nc6 6. Bd3 Nh6 7. Ndf3 cxd4 8. cxd4
f6 9. exf6 Bxf6 10. Ne2 Nf5 11. O-O O-O 12. Bxf5 exf5 13. Nc3 Re8 14. h3 Be6
15. Re1 Bf7 16. Rxe8+ Qxe8 17. Bg5 Bxg5 18. Nxg5 h6 19. Nf3 Bh5 20. Qd3 Bxf3
21. Qxf3 Qf7 22. Rd1 Rd8 23. g3 g6 24. h4 Kg7 25. Kg2 Qe6 26. Rd3 a6 27. Re3
Qd6 28. Ne2 Qf6 29. Rd3 Qe7 30. h5 Qe4 31. hxg6 Kxg6 32. Re3 Qxf3+ 33. Rxf3 Kf6
34. g4 Rg8 35. Rxf5+ Ke7 36. f3 1-0

[Event "44º Torneo Internacional de Ajedrez de La Roda"]
[Site "La Roda (Albacete) - ESPAÑA"]
[Date "2017.04.12"]
[Round "1"]
[Board "4"]
[White "Antunez Munoz, Ines"]
[Black "Korneev, Oleg"]
[Result "0-1"]
[WhiteElo "2016"]
[BlackElo "2594"]
[PlyCount "99"]
[EventDate "2017.04.12"]
[EventRounds "9"]
[EventCountry "ESP"]

1. e4 c5 2. c3 d5 3. exd5 Qxd5 4. d4 Nf6 5. Nf3 e6 6. Be3 cxd4 7. cxd4 Bb4+ 8.
Nc3 O-O 9. Bd3 Bd7 10. O-O Bxc3 11. bxc3 Bb5 12. Bxb5 Qxb5 13. Qb3 Qd7 14. Rfb1
b6 15. a4 Nc6 16. Ne5 Qc7 17. Nxc6 Qxc6 18. c4 Rfc8 19. Rc1 h6 20. h3 Qd6 21.
Qb5 Rc6 22. Bf4 a6 23. Qe5 Qxe5 24. dxe5 Nd7 25. a5 bxa5 26. Rxa5 Nb6 27. c5
Nd7 28. Bg3 Rac8 29. f3 Nxc5 30. Bf2 Nd3 31. Rxc6 Rxc6 32. Be3 Nb2 33. Ra2 Nc4
34. Bd4 f6 35. f4 g5 36. g3 gxf4 37. gxf4 fxe5 38. fxe5 Kh7 39. Kf2 Kg6 40. Kg3
Kf5 41. Re2 a5 42. Kh4 Rc8 43. Kh5 Rd8 44. Ba1 Rd2 45. Rxd2 Nxd2 46. Kxh6 Nf3
47. Kh5 a4 48. Bb2 Nxe5 49. h4 Nf3 50. Bc3 0-1

[Event "44º Torneo Internacional de Ajedrez de La Roda"]
[Site "La Roda (Albacete) - ESPAÑA"]
[Date "2017.04.12"]
[Round "1"]
[Board "5"]
[White "Vorobiov, Evgeny E."]
[Black "Garcia Gata, Jorge D."]
[Result "1-0"]
[WhiteElo "2584"]
[BlackElo "2016"]
[PlyCount "117"]
[EventDate "2017.04.12"]
[EventRounds "9"]
[EventCountry "ESP"]

1. d4 Nf6 2. c4 c5 3. d5 b5 4. cxb5 a6 5. bxa6 g6 6. Nc3 Bg7 7. e4 O-O 8. Nf3
Qa5 9. Nd2 Bxa6 10. Be2 Bxe2 11. Qxe2 Qa6 12. e5 Qxe2+ 13. Kxe2 Ng4 14. f4 f6
15. Kf3 h5 16. h3 fxe5 17. hxg4 Rxf4+ 18. Ke2 Rxg4 19. Nde4 Na6 20. Be3 Rf8 21.
g3 Nb4 22. Rh4 Rxh4 23. gxh4 Nc2 24. Rg1 c4 25. Rxg6 Kh7 26. Rg2 Nd4+ 27. Kd2
Nf3+ 28. Kd1 Nd4 29. Rf2 Nf5 30. Bg5 Bh6 31. Bxh6 Kxh6 32. Ng3 e6 33. dxe6 dxe6
34. Nxf5+ exf5 35. Rg2 Rd8+ 36. Rd2 Rg8 37. Rd6+ Kh7 38. Rf6 Rg1+ 39. Ke2 Rg2+
40. Kf3 Rxb2 41. Rxf5 Rc2 42. Ne4 Rxa2 43. Rxh5+ Kg6 44. Rg5+ Kh6 45. Rxe5 Rh2
46. Kg3 Re2 47. Nd6 Rxe5 48. Nf7+ Kh5 49. Nxe5 c3 50. Nd3 c2 51. Kh3 Kh6 52.
Kg4 Kg6 53. h5+ Kh6 54. Kh4 Kh7 55. Kg5 Kg7 56. h6+ Kh7 57. Kh5 Kg8 58. Kg6 Kh8
59. Ne5 1-0

[Event "44º Torneo Internacional de Ajedrez de La Roda"]
[Site "La Roda (Albacete) - ESPAÑA"]
[Date "2017.04.12"]
[Round "1"]
[Board "6"]
[White "Martinez Lopez, Jaime"]
[Black "Perez Candelario, Manuel"]
[Result "0-1"]
[WhiteElo "2014"]
[BlackElo "2576"]
[PlyCount "58"]
[EventDate "2017.04.12"]
[EventRounds "9"]
[EventCountry "ESP"]

1. Nf3 d6 2. g3 e5 3. d3 g6 4. Bg2 Bg7 5. c4 Ne7 6. Nc3 O-O 7. h4 Nd7 8. h5 Nf6
9. hxg6 fxg6 10. Ng5 c6 11. Qb3 h6 12. Nge4 Nf5 13. e3 Rf7 14. Bd2 Be6 15.
O-O-O a6 16. Qc2 Rc8 17. Kb1 b5 18. b3 a5 19. Bc1 a4 20. Bb2 axb3 21. axb3 Ne8
22. Qe2 Ra7 23. Kc2 d5 24. Nd2 bxc4 25. dxc4 Ned6 26. Ra1 Rb7 27. Rhb1 Bf7 28.
Kd1 d4 29. exd4 Nxd4 0-1

[Event "44º Torneo Internacional de Ajedrez de La Roda"]
[Site "La Roda (Albacete) - ESPAÑA"]
[Date "2017.04.12"]
[Round "1"]
[Board "7"]
[White "Peralta, Fernando"]
[Black "Garcia Gimenez, Santiago"]
[Result "1-0"]
[WhiteElo "2565"]
[BlackElo "2012"]
[PlyCount "41"]
[EventDate "2017.04.12"]
[EventRounds "9"]
[EventCountry "ESP"]

1. d4 Nf6 2. c4 g6 3. Nc3 d5 4. cxd5 Nxd5 5. e4 Nxc3 6. bxc3 Bg7 7. Bb5+ Bd7 8.
Be2 c5 9. Nf3 O-O 10. O-O cxd4 11. cxd4 Bg4 12. Be3 e6 13. Rb1 Nc6 14. d5 exd5
15. exd5 Ne7 16. d6 Nf5 17. Bf4 Re8 18. h3 Rxe2 19. hxg4 Re4 20. Bg5 f6 21.
gxf5 1-0

[Event "44º Torneo Internacional de Ajedrez de La Roda"]
[Site "La Roda (Albacete) - ESPAÑA"]
[Date "2017.04.12"]
[Round "1"]
[Board "8"]
[White "Ibarretxe Campo, Lander"]
[Black "Guerra Mendez, Jose Angel"]
[Result "0-1"]
[WhiteElo "2011"]
[BlackElo "2542"]
[PlyCount "74"]
[EventDate "2017.04.12"]
[EventRounds "9"]
[EventCountry "ESP"]

1. h3 c5 2. d3 Nc6 3. e4 g6 4. Nf3 Bg7 5. Be2 d6 6. Nbd2 Nf6 7. O-O O-O 8. c3
e5 9. Re1 h6 10. Nc4 Re8 11. Bf1 Be6 12. Ne3 Qd7 13. Nh2 d5 14. Neg4 Nxg4 15.
Nxg4 h5 16. exd5 Bxd5 17. Ne3 Be6 18. Qf3 f5 19. Nc2 Rac8 20. Bg5 Nd8 21. Bxd8
Rcxd8 22. Ne3 Qf7 23. a4 f4 24. Nc2 g5 25. Qe2 g4 26. f3 gxh3 27. gxh3 Bf5 28.
Red1 Re6 29. Ne1 Rg6+ 30. Kh2 Rg3 31. Bg2 Rd6 32. Rd2 Qg6 33. Qf1 Qg5 34. Rad1
Rg6 35. d4 cxd4 36. cxd4 exd4 37. Nc2 Rxg2+ 0-1

[Event "44º Torneo Internacional de Ajedrez de La Roda"]
[Site "La Roda (Albacete) - ESPAÑA"]
[Date "2017.04.12"]
[Round "1"]
[Board "9"]
[White "Forcen Esteban, Daniel"]
[Black "Campos Cayuelas, Adria"]
[Result "1-0"]
[WhiteElo "2530"]
[BlackElo "2006"]
[PlyCount "83"]
[EventDate "2017.04.12"]
[EventRounds "9"]
[EventCountry "ESP"]

1. d4 Nf6 2. Nf3 g6 3. c4 Bg7 4. Nc3 O-O 5. e4 d6 6. Be3 Bg4 7. h3 Bxf3 8. Qxf3
Nc6 9. d5 Nb8 10. Be2 Nfd7 11. h4 Na6 12. h5 Nac5 13. Qh3 Nf6 14. e5 Nxh5 15.
g4 Qc8 16. Bxc5 dxc5 17. Qh2 h6 18. gxh5 Qf5 19. f4 g5 20. Rf1 Qc2 21. Rb1 f6
22. Qh3 Qh7 23. Bd3 f5 24. fxg5 Bxe5 25. Bxf5 Qg7 26. gxh6 Qxh6 27. Ke2 Kh8 28.
Bg6 Bd4 29. Kd3 c6 30. Rbe1 cxd5 31. Rxe7 dxc4+ 32. Kxc4 Bg7 33. Rxf8+ Rxf8 34.
Qe3 Rf4+ 35. Kd3 b5 36. Nxb5 Kg8 37. Qe6+ Kh8 38. Re8+ Bf8 39. Qe5+ Kg8 40. Ke2
Rb4 41. Qe6+ Kh8 42. Qf6+ 1-0

[Event "44º Torneo Internacional de Ajedrez de La Roda"]
[Site "La Roda (Albacete) - ESPAÑA"]
[Date "2017.04.12"]
[Round "1"]
[Board "10"]
[White "Delgado Alarcon, Jesus Francis"]
[Black "Antal, Gergely"]
[Result "1/2-1/2"]
[WhiteElo "2002"]
[BlackElo "2523"]
[PlyCount "49"]
[EventDate "2017.04.12"]
[EventRounds "9"]
[EventCountry "ESP"]

1. d4 d5 2. c4 Nc6 3. Nc3 dxc4 4. e3 e5 5. d5 Nce7 6. Bxc4 Ng6 7. Qb3 Bd6 8.
Bb5+ Kf8 9. Nge2 f5 10. f4 a6 11. Bd3 e4 12. Bc2 Nf6 13. Bd2 b5 14. Nd4 Bc5 15.
Ne6+ Bxe6 16. dxe6 Qd6 17. g4 Nxg4 18. Bxe4 fxe4 19. Nxe4 Qc6 20. Qc2 Nxe3 21.
Bxe3 Bb4+ 22. Kd1 Qxe4 23. Bc5+ Bxc5 24. Qxc5+ Ne7 25. Re1 1/2-1/2

[Event "44º Torneo Internacional de Ajedrez de La Roda"]
[Site "La Roda (Albacete) - ESPAÑA"]
[Date "2017.04.12"]
[Round "1"]
[Board "11"]
[White "Burmakin, Vladimir"]
[Black "Atienza Alvarez, Javier"]
[Result "1-0"]
[WhiteElo "2518"]
[BlackElo "2001"]
[PlyCount "69"]
[EventDate "2017.04.12"]
[EventRounds "9"]
[EventCountry "ESP"]

1. Nf3 Nf6 2. g3 b6 3. Bg2 Bb7 4. O-O e6 5. c4 Be7 6. d4 O-O 7. Re1 d6 8. Nc3
Ne4 9. Ng5 Bxg5 10. Bxg5 Qxg5 11. Nxe4 Bxe4 12. Bxe4 d5 13. cxd5 exd5 14. Bg2
Nd7 15. Qc1 Qxc1 16. Raxc1 c5 17. Bxd5 Rad8 18. dxc5 Nxc5 19. Red1 Rd7 20. Bc6
Rc7 21. Bf3 Rfc8 22. Bg4 Ne6 23. Rxc7 Rxc7 24. Bf5 g6 25. Bb1 Nd4 26. Kf1 Kg7
27. h4 Kf6 28. Ke1 Nc2+ 29. Kd2 Nd4 30. Ke3 Ne6 31. Kf3 Ke5 32. e4 Nd4+ 33. Ke3
Nc2+ 34. Kd3 Nb4+ 35. Kd2 1-0

[Event "44º Torneo Internacional de Ajedrez de La Roda"]
[Site "La Roda (Albacete) - ESPAÑA"]
[Date "2017.04.12"]
[Round "1"]
[Board "12"]
[White "Diaz Rodriguez, Jose Antonio"]
[Black "Shevchenko, Kirill"]
[Result "1/2-1/2"]
[WhiteElo "2000"]
[BlackElo "2491"]
[PlyCount "60"]
[EventDate "2017.04.12"]
[EventRounds "9"]
[EventCountry "ESP"]

1. e4 c5 2. c3 Nf6 3. Bd3 Nc6 4. Nf3 g6 5. Bc2 Bg7 6. O-O O-O 7. Re1 d6 8. h3
e5 9. d3 Re8 10. Bg5 Be6 11. Qc1 b5 12. Nbd2 Qb6 13. Bb3 Na5 14. Bxe6 fxe6 15.
Nf1 Qb7 16. Bh6 Nc6 17. Bxg7 Qxg7 18. Qe3 Nd7 19. Rad1 Nb6 20. N1h2 Rac8 21.
Ng4 Re7 22. b3 Rec7 23. Nh6+ Kh8 24. d4 cxd4 25. cxd4 Nb4 26. Re2 Nc2 27. Rxc2
Rxc2 28. dxe5 R2c3 29. Qg5 Nd7 30. Rxd6 R3c6 1/2-1/2

[Event "44º Torneo Internacional de Ajedrez de La Roda"]
[Site "La Roda (Albacete) - ESPAÑA"]
[Date "2017.04.12"]
[Round "1"]
[Board "13"]
[White "Cifuentes Parada, Roberto"]
[Black "Valdepenas Octavio, Javier"]
[Result "1-0"]
[WhiteElo "2467"]
[BlackElo "1998"]
[PlyCount "87"]
[EventDate "2017.04.12"]
[EventRounds "9"]
[EventCountry "ESP"]

1. d4 Nf6 2. Nf3 d5 3. c4 e6 4. e3 Be7 5. Nc3 O-O 6. Bd3 dxc4 7. Bxc4 a6 8. O-O
b5 9. Bd3 Bb7 10. Qe2 Nbd7 11. a4 b4 12. Nb1 c5 13. Nbd2 cxd4 14. exd4 Nb6 15.
a5 Nbd5 16. Nb3 Qb8 17. Ne5 Qa7 18. Bg5 Rac8 19. Rac1 Rfe8 20. Rfe1 h6 21. Nxf7
Bf8 22. Bxf6 Nxf6 23. Ne5 Qa8 24. Bg6 Re7 25. Rxc8 Qxc8 26. Nc5 Bd5 27. Bd3 Rc7
28. Ng6 Bxc5 29. dxc5 Ra7 30. Rc1 Qc7 31. Qe5 Nd7 32. Qd6 Bb3 33. Ne7+ Kf8 34.
Nc6+ Qxd6 35. cxd6 Ra8 36. Nxb4 Ba4 37. Nxa6 Ne5 38. Be2 Rd8 39. Nc5 Bd7 40. f4
Nf7 41. Nb7 Ra8 42. Rc7 Bc8 43. Bh5 Nh8 44. Rxc8+ 1-0

[Event "44º Torneo Internacional de Ajedrez de La Roda"]
[Site "La Roda (Albacete) - ESPAÑA"]
[Date "2017.04.12"]
[Round "1"]
[Board "14"]
[White "De Lucas Bello, Federico"]
[Black "Suarez Gomez, Julio"]
[Result "0-1"]
[WhiteElo "1987"]
[BlackElo "2460"]
[PlyCount "68"]
[EventDate "2017.04.12"]
[EventRounds "9"]
[EventCountry "ESP"]

1. e4 e6 2. d4 d5 3. Nd2 h6 4. Ngf3 Nf6 5. e5 Nfd7 6. c3 c5 7. dxc5 Nc6 8. b4
Ndxe5 9. Nxe5 Nxe5 10. f4 Nc6 11. Nf3 Be7 12. Bb5 O-O 13. Bxc6 bxc6 14. Be3 a5
15. a3 Ba6 16. Kf2 Qc7 17. g3 f6 18. Kg2 e5 19. Re1 Rf7 20. h4 Bc8 21. Qc2 Qd7
22. Rh1 Qg4 23. h5 Bf5 24. Qd1 Be4 25. Rh4 Qe6 26. Kf2 Bd8 27. Nd2 Bh7 28. Nf3
Rfa7 29. Rc1 axb4 30. axb4 Be4 31. Kg1 Ra2 32. Ne1 Bc7 33. fxe5 Bxe5 34. Bf4
Rb2 0-1

[Event "44º Torneo Internacional de Ajedrez de La Roda"]
[Site "La Roda (Albacete) - ESPAÑA"]
[Date "2017.04.12"]
[Round "1"]
[Board "15"]
[White "Moreno Ruiz, Javier"]
[Black "Aledo Yanguas, Javier"]
[Result "1-0"]
[WhiteElo "2454"]
[BlackElo "1981"]
[PlyCount "139"]
[EventDate "2017.04.12"]
[EventRounds "9"]
[EventCountry "ESP"]

1. e4 c6 2. c4 e5 3. Nf3 Qc7 4. d4 d6 5. Nc3 Bg4 6. Be2 Nf6 7. O-O Be7 8. Be3
O-O 9. h3 Bxf3 10. Bxf3 Nbd7 11. Qc2 Rfd8 12. Rfd1 Nf8 13. Rac1 Rac8 14. Qb1
Qb8 15. b4 b6 16. d5 c5 17. bxc5 bxc5 18. Qc2 a6 19. Rb1 Qa8 20. Qa4 Rb8 21.
Rb3 Rxb3 22. axb3 Rb8 23. Ra1 Rb4 24. Qa2 Qb7 25. Bd1 Rb6 26. Na4 Rb4 27. Qc2
Qc8 28. Nb2 N8d7 29. Nd3 Rb8 30. Bf3 h6 31. g3 Qb7 32. Ra3 Ne8 33. Bg2 Nc7 34.
Bd2 Kh7 35. Bc3 g6 36. Qe2 Qc8 37. Kh2 Qf8 38. h4 Qe8 39. Bh3 Bf8 40. h5 Bg7
41. Ba5 Nb6 42. Ra1 Qe7 43. Rc1 Rb7 44. b4 cxb4 45. Nxb4 Nd7 46. Rc2 Nc5 47.
Nc6 Qf8 48. Qg4 Ne8 49. Nd8 Nf6 50. hxg6+ fxg6 51. Qe2 Rb3 52. Ne6 Qe7 53. Nxc5
dxc5 54. Rc3 Rb1 55. Qd3 Rb2 56. Rc2 Rxc2 57. Qxc2 Ne8 58. Bb6 Bf8 59. Qa4 Nd6
60. Bxc5 Qf6 61. Qxa6 Be7 62. Qa7 h5 63. Qd7 h4 64. Qe6 hxg3+ 65. fxg3 Kg7 66.
Qd7 Kf8 67. Kg2 Nxe4 68. Qd8+ Kf7 69. Be6+ Kg7 70. Qxe7+ 1-0

[Event "44º Torneo Internacional de Ajedrez de La Roda"]
[Site "La Roda (Albacete) - ESPAÑA"]
[Date "2017.04.12"]
[Round "1"]
[Board "16"]
[White "Ereza Vizcarra, Fernando"]
[Black "Espinosa Aranda, Angel"]
[Result "0-1"]
[WhiteElo "1981"]
[BlackElo "2446"]
[PlyCount "78"]
[EventDate "2017.04.12"]
[EventRounds "9"]
[EventCountry "ESP"]

1. d4 e6 2. Nf3 c5 3. c3 Nc6 4. e3 Nf6 5. Bd3 d5 6. O-O Bd6 7. Nbd2 O-O 8. dxc5
Bxc5 9. e4 Qc7 10. Qe2 Bd6 11. Re1 Ng4 12. h3 Nge5 13. Bb1 Ng6 14. Nf1 Bd7 15.
Ne3 dxe4 16. Bxe4 Rae8 17. Nc4 Be7 18. a4 Rc8 19. Ng5 Bxg5 20. Bxg5 Nce7 21.
Bxe7 Nxe7 22. Ne5 Be8 23. Bc2 Qb6 24. Rad1 Ng6 25. Nc4 Qc7 26. Rd4 Bc6 27. Red1
e5 28. Rd6 Bxg2 29. Nxe5 Bxh3 30. Qe3 Nxe5 31. Qxh3 Ng6 32. Bxg6 fxg6 33. Qe6+
Kh8 34. Qd7 Qc5 35. R1d2 Qg5+ 36. Kf1 Rce8 37. Qxb7 Qg4 38. Qd7 Qf3 39. Qc6
Qh3+ 0-1

[Event "44º Torneo Internacional de Ajedrez de La Roda"]
[Site "La Roda (Albacete) - ESPAÑA"]
[Date "2017.04.12"]
[Round "1"]
[Board "17"]
[White "Campora, Daniel H."]
[Black "Gonzalvez Tamarit, Ruben"]
[Result "1-0"]
[WhiteElo "2439"]
[BlackElo "1980"]
[PlyCount "49"]
[EventDate "2017.04.12"]
[EventRounds "9"]
[EventCountry "ESP"]

1. e4 e5 2. Nf3 Nc6 3. Bb5 Bc5 4. O-O Qf6 5. d3 h6 6. Be3 Bb6 7. c4 Nd4 8. Bxd4
Bxd4 9. Nxd4 exd4 10. Nd2 Ne7 11. f4 O-O 12. c5 c6 13. Bc4 d5 14. cxd6 Qxd6 15.
f5 Qf6 16. Qe2 Re8 17. Qh5 Kh8 18. Bxf7 Rf8 19. Bb3 Qg5 20. Qxg5 hxg5 21. Nf3
g4 22. Ne5 b6 23. Rf4 Rf6 24. Nxg4 Rf8 25. Raf1 1-0

[Event "44º Torneo Internacional de Ajedrez de La Roda"]
[Site "La Roda (Albacete) - ESPAÑA"]
[Date "2017.04.12"]
[Round "1"]
[Board "18"]
[White "Urrutia Mule, Oriol"]
[Black "Iruzubieta Villaluenga, Jesus"]
[Result "0-1"]
[WhiteElo "1975"]
[BlackElo "2434"]
[PlyCount "128"]
[EventDate "2017.04.12"]
[EventRounds "9"]
[EventCountry "ESP"]

1. e4 e5 2. Nc3 Nf6 3. g3 d5 4. exd5 Nxd5 5. Bg2 Nxc3 6. bxc3 Bd6 7. Ne2 Nd7 8.
O-O O-O 9. a4 c6 10. d3 Nf6 11. h3 Re8 12. c4 Qc7 13. Nc3 Bf5 14. Be3 e4 15. d4
Rad8 16. Qe2 Qa5 17. Nd1 h6 18. Bd2 Bb4 19. Bxb4 Qxb4 20. c3 Qa5 21. Ne3 Bc8
22. Ra3 Nh7 23. h4 Qc7 24. Qh5 Rf8 25. Ng4 f5 26. Ne5 Nf6 27. Qe2 Nd7 28. Ng6
Rf7 29. c5 Kh7 30. h5 Nf6 31. a5 a6 32. Rb1 Re8 33. Ne5 Rxe5 34. dxe5 Qxe5 35.
Qc4 Rd7 36. Raa1 f4 37. gxf4 Qxf4 38. Rd1 Re7 39. Rd6 Ng4 40. Qd4 Bf5 41. Re1
Qh2+ 42. Kf1 Qxh5 43. Rxe4 Nh2+ 44. Kg1 Rxe4 45. Bxe4 Qg4+ 46. Kxh2 Bxe4 47. f3
Qxf3 48. Qg1 Qh5+ 49. Kg3 Qe5+ 50. Kh4 Qxc3 51. Qf2 Qe5 52. Kh3 Qh5+ 53. Kg3
Qg5+ 54. Kh2 Qe5+ 55. Kg1 Qa1+ 56. Qf1 Qxa5 57. Qc1 Qa2 58. Rd2 Qe6 59. Qb2
Qg4+ 60. Kf1 Qh3+ 61. Kf2 Qf3+ 62. Kg1 Qe3+ 63. Rf2 Qg3+ 64. Kf1 Bd3+ 0-1

[Event "44º Torneo Internacional de Ajedrez de La Roda"]
[Site "La Roda (Albacete) - ESPAÑA"]
[Date "2017.04.12"]
[Round "1"]
[Board "19"]
[White "Suarez Uriel, Adrian"]
[Black "Arance Gonzalez, Luis"]
[Result "1-0"]
[WhiteElo "2411"]
[BlackElo "1973"]
[PlyCount "61"]
[EventDate "2017.04.12"]
[EventRounds "9"]
[EventCountry "ESP"]

1. e4 d5 2. exd5 Qxd5 3. Nf3 Nf6 4. d4 Bg4 5. Be2 Nc6 6. c4 Qd7 7. d5 Bxf3 8.
Bxf3 Ne5 9. Be2 O-O-O 10. Qd4 Nc6 11. Qc5 Qf5 12. Qe3 Nb4 13. Na3 Kb8 14. O-O
e6 15. Nb5 b6 16. Nd4 Qe4 17. a3 Bc5 18. axb4 Bxd4 19. Qa3 Qxe2 20. Qxa7+ Kc8
21. Qa8+ Kd7 22. Qc6+ Ke7 23. Qxc7+ Nd7 24. d6+ Ke8 25. Ra3 Qe4 26. Be3 Bxe3
27. fxe3 Qh4 28. c5 bxc5 29. bxc5 f5 30. c6 Ne5 31. Qxg7 1-0

[Event "44º Torneo Internacional de Ajedrez de La Roda"]
[Site "La Roda (Albacete) - ESPAÑA"]
[Date "2017.04.12"]
[Round "1"]
[Board "20"]
[White "Sobrino Forte, Alvaro"]
[Black "Ramiro Ovejero, Juan Luis"]
[Result "0-1"]
[WhiteElo "1968"]
[BlackElo "2398"]
[PlyCount "42"]
[EventDate "2017.04.12"]
[EventRounds "9"]
[EventCountry "ESP"]

1. e4 c5 2. Nf3 e6 3. d4 cxd4 4. Nxd4 a6 5. Nc3 b5 6. a3 Bb7 7. Be2 d6 8. O-O
Nf6 9. f3 Nbd7 10. Be3 Be7 11. Kh1 Rc8 12. g4 h6 13. Re1 Ne5 14. Bf1 g5 15. Bd3
h5 16. Bxg5 hxg4 17. f4 Nxd3 18. cxd3 Qb6 19. Nc2 Qf2 20. h4 g3 21. Qe2 g2+ 0-1

[Event "44º Torneo Internacional de Ajedrez de La Roda"]
[Site "La Roda (Albacete) - ESPAÑA"]
[Date "2017.04.13"]
[Round "2"]
[Board "1"]
[White "Gil Quilez, Sonia"]
[Black "Gharamian, Tigran"]
[Result "0-1"]
[WhiteElo "2184"]
[BlackElo "2625"]
[PlyCount "84"]
[EventDate "2017.04.12"]
[EventRounds "9"]
[EventCountry "ESP"]

1. d4 d6 2. Nf3 Bg4 3. Nbd2 e6 4. g3 Be7 5. Bg2 Nf6 6. c4 Nbd7 7. O-O O-O 8. e4
c5 9. d5 exd5 10. cxd5 b5 11. a4 a6 12. Qc2 Bh5 13. Nh4 Ne8 14. Nf5 Bf6 15. f4
c4 16. Nf3 Bxf3 17. Bxf3 g6 18. Nh6+ Kh8 19. axb5 axb5 20. Bd2 Bg7 21. Ng4 Nef6
22. Nxf6 Bxf6 23. Kg2 Kg8 24. Bb4 Qb6 25. e5 dxe5 26. Bxf8 Rxf8 27. f5 Kg7 28.
Rad1 Nc5 29. d6 Rd8 30. fxg6 hxg6 31. Bd5 Rxd6 32. h4 Qd8 33. Bf3 e4 34. Be2
Nd3 35. b3 c3 36. h5 Be5 37. b4 Qg5 38. g4 Qh4 39. Rxf7+ Kxf7 40. Qa2+ Ke7 41.
Rxd3 Qh2+ 42. Kf1 Rf6+ 0-1

[Event "44º Torneo Internacional de Ajedrez de La Roda"]
[Site "La Roda (Albacete) - ESPAÑA"]
[Date "2017.04.13"]
[Round "2"]
[Board "2"]
[White "Andriasian, Zaven"]
[Black "Rodriguez Garcia, Manuel Fco"]
[Result "1-0"]
[WhiteElo "2615"]
[BlackElo "2171"]
[PlyCount "77"]
[EventDate "2017.04.12"]
[EventRounds "9"]
[EventCountry "ESP"]

1. e4 c5 2. Nf3 d6 3. d4 cxd4 4. Nxd4 Nf6 5. Nc3 a6 6. Be3 e5 7. Nf3 Be7 8. Bc4
O-O 9. O-O Qc7 10. Qe2 Be6 11. Bb3 Rc8 12. Rfd1 b5 13. a3 Nbd7 14. Bg5 Rab8 15.
Ne1 h6 16. Bxf6 Nxf6 17. Nd5 Bxd5 18. Bxd5 Nxd5 19. Rxd5 Qc4 20. Qf3 g6 21.
Rad1 Qa2 22. Nd3 Rxc2 23. Nb4 Qxb2 24. Nxc2 Qxc2 25. R5d2 Qc4 26. h4 Rc8 27. h5
Qe6 28. Rd3 Rc5 29. g3 Kg7 30. hxg6 fxg6 31. Rc3 h5 32. Rxc5 dxc5 33. Rd5 b4
34. Kg2 c4 35. axb4 Bxb4 36. Qe3 c3 37. Qa7+ Kh6 38. Qb8 c2 39. Qh8+ 1-0

[Event "44º Torneo Internacional de Ajedrez de La Roda"]
[Site "La Roda (Albacete) - ESPAÑA"]
[Date "2017.04.13"]
[Round "2"]
[Board "3"]
[White "Dominguez Fernandez, Angel I"]
[Black "Baklan, Vladimir"]
[Result "0-1"]
[WhiteElo "2182"]
[BlackElo "2600"]
[PlyCount "108"]
[EventDate "2017.04.12"]
[EventRounds "9"]
[EventCountry "ESP"]

1. e4 c5 2. c3 Nf6 3. e5 Nd5 4. d4 cxd4 5. Nf3 e6 6. cxd4 d6 7. Bc4 Be7 8. O-O
O-O 9. Qe2 b6 10. Bd2 Bb7 11. Nc3 Nxc3 12. Bxc3 dxe5 13. dxe5 Nd7 14. Ba6 Bxa6
15. Qxa6 Nc5 16. Qe2 Qd3 17. Qxd3 Nxd3 18. Rfd1 Rfd8 19. Bd4 Nb4 20. a3 Nd5 21.
Rac1 Rac8 22. g3 Kf8 23. Kf1 Ke8 24. Ke2 a5 25. h4 a4 26. Rxc8 Rxc8 27. Kd2 Kd7
28. Rc1 Rf8 29. Ke2 f5 30. Nd2 b5 31. f4 Rb8 32. Rc2 g6 33. Ba7 Rb7 34. Bd4 h6
35. Nf1 b4 36. Rc4 Rc7 37. Rxc7+ Kxc7 38. axb4 Bxb4 39. Kd3 Kc6 40. Be3 Kb5 41.
Bd2 Bc5 42. Be1 Nb4+ 43. Kc3 Nc6 44. Kd3 Bb6 45. Bd2 Nb4+ 46. Kc3 Bf2 47. Bc1
Na2+ 48. Kc2 Nxc1 49. Kxc1 Kc4 50. Kc2 Kd4 51. Kd2 Ke4 52. Ke2 Bd4 53. Nd2+ Kd5
54. Kd3 Bxb2 0-1

[Event "44º Torneo Internacional de Ajedrez de La Roda"]
[Site "La Roda (Albacete) - ESPAÑA"]
[Date "2017.04.13"]
[Round "2"]
[Board "4"]
[White "Korneev, Oleg"]
[Black "Donado-Mazarron Gomez, Miguel"]
[Result "1-0"]
[WhiteElo "2594"]
[BlackElo "2153"]
[PlyCount "71"]
[EventDate "2017.04.12"]
[EventRounds "9"]
[EventCountry "ESP"]

1. d4 Nf6 2. Nf3 c5 3. d5 b5 4. Bg5 Qb6 5. Bxf6 Qxf6 6. c3 g6 7. e4 Qb6 8. Nbd2
Bg7 9. a4 b4 10. Nc4 Qb7 11. Qc2 d6 12. Bd3 a5 13. O-O O-O 14. Rfe1 Qc7 15. Ne3
bxc3 16. bxc3 Ba6 17. Bxa6 Rxa6 18. Nc4 Nd7 19. Rab1 Raa8 20. Rb5 Rfb8 21. Reb1
Rxb5 22. Rxb5 Ne5 23. Nfxe5 Bxe5 24. Nxe5 dxe5 25. Qb2 e6 26. c4 exd5 27. exd5
e4 28. Qc3 f5 29. Qb2 e3 30. fxe3 Qe7 31. Rb8+ Rxb8 32. Qxb8+ Kg7 33. Qb2+ Kg8
34. Qd2 Qd6 35. Qxa5 f4 36. Qc3 1-0